Kraje Europy z jednym sąsiadem. - Statystyki

Ogólne statystyki
  • Ten quiz został rozwiązany 521 razy
    511 od ostatniego zresetowania
  • Średni wynik to 5 z 6
Statystyki odpowiedzi
Kontynent Odpowiedź % Poprawnych
Europa Portugalia
93%
Europa Watykan
90%
Europa San Marino
89%
Europa Irlandia
88%
Europa Monako
80%
Europa Wielka Brytania
79%
Nie znaleziono quizów pasujących do podanych kryteriów
Rozkład punktacji
Procent ludzi z każdym wynikiem
Percentyl według liczby udzielonych odpowiedzi
Twoja historia wyników
Nie rozwiązałeś tego quizu od ostatniego zresetowania